000 00331 a2200145 4500
001 153446
040 _cEscola São Tomás de Aquino
100 _aCASTRO, Maria da Glória Cardia
240 1 0 _aMenina Mãe
_lpor
245 1 0 _aMenina Mãe
362 0 _a2008
440 1 _aModerna
697 _a*LITERATURA JUVENIL
942 _cBK
999 _c153446
_d153446